000 00444nam a2200181Ia 4500
001 23583
005 20260414150947.0
008 260414t2019||||xx |||||||||||||| ||spa||
041 _aESP
082 _a670.42
_bB24
100 _aBarbosa Moreno, Alfonso
_eAUT
245 0 _aManufactura :
_bconcepto y aplicaciones
260 _c2019
300 _ax, 282 páginas :
_c27 cm.
650 _aTCA
654 _aCII
942 _cLIB
_dJUS
_fJUS
_2ddc
_n
999 _c23583
_d23583